<?xml version="1.0" encoding="UTF-8"?>
<record
    xmlns:xsi="http://www.w3.org/2001/XMLSchema-instance"
    xsi:schemaLocation="http://www.loc.gov/MARC21/slim http://www.loc.gov/standards/marcxml/schema/MARC21slim.xsd"
    xmlns="http://www.loc.gov/MARC21/slim">

  <leader>01580nam a22001577a 4500</leader>
  <datafield tag="999" ind1=" " ind2=" ">
    <subfield code="c">523903</subfield>
    <subfield code="d">523903</subfield>
  </datafield>
  <controlfield tag="008">231013b           ||||| |||| 00| 0 eng d</controlfield>
  <datafield tag="100" ind1=" " ind2=" ">
    <subfield code="a">Sen, Akshaya Kumar </subfield>
    <subfield code="9">44121</subfield>
  </datafield>
  <datafield tag="245" ind1=" " ind2=" ">
    <subfield code="a">Awareness on sustainable municipal services</subfield>
  </datafield>
  <datafield tag="260" ind1=" " ind2=" ">
    <subfield code="a">Nagarlok: Quarterly Journal of Urban Affairs  </subfield>
  </datafield>
  <datafield tag="300" ind1=" " ind2=" ">
    <subfield code="a">55(2), Jun, 2023: p.50-61</subfield>
  </datafield>
  <datafield tag="520" ind1=" " ind2=" ">
    <subfield code="a">Creating awareness on sustainable municipal services hold the key for making informed decisions about the allocation of resources, infrastructure development, and the delivery of services to the residents. The urban local bodies are also directly responsible for the achievement of more than two third of parameters of 17 Sustainable Development Goals (SDGs) by 2030. The functions and services provided by municipal governments are, therefore, vital for creating healthy, livable and sustainable communities. This paper highlights various benefits of creating awareness and suggests strategies for creating such awareness for sustainable municipal services. The paper also briefly discusses some of the flagship programmes of the Government of India to promote sustainable municipal services by encouraging municipalities to adopt sustainable practices, through creating awareness among all stakeholders and promote behavior change, apart from providing financial support for sustainable development.- Reproduced </subfield>
  </datafield>
  <datafield tag="650" ind1=" " ind2=" ">
    <subfield code="a">Sustainable municipal services, Awareness, Decentralisation, Community engagement, Angikaar.  </subfield>
    <subfield code="9">40996</subfield>
  </datafield>
  <datafield tag="773" ind1=" " ind2=" ">
    <subfield code="a">Nagarlok: Quarterly Journal of Urban Affairs  </subfield>
  </datafield>
  <datafield tag="906" ind1=" " ind2=" ">
    <subfield code="a">MUNICIPALITIES</subfield>
  </datafield>
  <datafield tag="942" ind1=" " ind2=" ">
    <subfield code="c">AR</subfield>
  </datafield>
  <datafield tag="952" ind1=" " ind2=" ">
    <subfield code="0">0</subfield>
    <subfield code="1">0</subfield>
    <subfield code="2">ddc</subfield>
    <subfield code="4">0</subfield>
    <subfield code="7">0</subfield>
    <subfield code="9">398950</subfield>
    <subfield code="a">IIPA</subfield>
    <subfield code="b">IIPA</subfield>
    <subfield code="d">2023-10-13</subfield>
    <subfield code="h">55(2), Jun, 2023: p.50-61</subfield>
    <subfield code="p">AR129786</subfield>
    <subfield code="r">2023-10-13</subfield>
    <subfield code="y">AR</subfield>
  </datafield>
</record>
